බෝධි වන්දනාව /
Bodi vandana
Saved in:
| Other Authors: | |
|---|---|
| Format: | Book |
| Published: |
යක්කල :
දිමුතු ප්රකාශකයෝ,
2025
|
| Tags: |
Add Tag
No Tags, Be the first to tag this record!
|
MARC
| LEADER | 00000nam a2200000 4500 | ||
|---|---|---|---|
| 003 | LK-CoNLD | ||
| 005 | 20260305160939.0 | ||
| 008 | 260305b |||||||| |||| 00| 0 ||| d | ||
| 015 | |2 slnb | ||
| 017 | |a 506581 |b LK-CoDNA | ||
| 040 | |a LK-CoNLD |b SIN |c LK-CoNLD |d LK-CoNLD | ||
| 082 | |2 23 |q LK-CoNLD | ||
| 245 | |6 880-1 |a බෝධි වන්දනාව / |c සංස්කරණය බද්දේගම වජිරනන්ද. | ||
| 260 | |a යක්කල : |b දිමුතු ප්රකාශකයෝ, |c 2025 | ||
| 300 | |a පි. [VI] 42 ; |c සෙමී. 20. |b කබැ-බෝක : රු. 89.00 | ||
| 700 | |a වජිරනන්ද හිමි, බද්දේගම |9 92350 |e සංස්. | ||
| 880 | |6 245-1 |a Bodi vandana | ||
| 942 | |c BOOK | ||
| 945 | |a 21991 |b Nadeen WEERAKOON |c 21991 |d Nadeen WEERAKOON | ||
| 999 | |c 297794 |d 297794 | ||